|
|
|
|
| LEADER |
00586cam a2200181 7i4500 |
| 001 |
0000021210 |
| 005 |
20080512090000.0 |
| 020 |
0 |
0 |
|a 978142211030
|
| 090 |
0 |
0 |
|a B 658.4092
|b ULR
|
| 100 |
2 |
0 |
|a Ulrich
|
| 245 |
0 |
0 |
|a Leadership brand :
|b developing customer-focused leaders to drive performance and build lasting value.
|
| 260 |
0 |
0 |
|a Boston:
|b Harvard Business School Publishing,
|c 2007.
|
| 300 |
# |
# |
|a 270 p.
|
| 650 |
0 |
0 |
|a Leadership
|
| 650 |
0 |
0 |
|a Organizational learning
|
| 650 |
0 |
0 |
|a Executive coaching
|
| 700 |
2 |
1 |
|a Small Wood,
|h Norm
|
| 999 |
|
|
|a B000022217
|b Book
|c Book
|e Business Information Centre
|